Sinh thái học và môi trường : Giáo trình dùng cho các trường Cao đẳng sư phạm
Sinh thái học cá thể, quần thể, quần xã sinh vật, hệ sinh thái. Phân thứ hai trình bày về môi trường sinh thái quyển, tài nguyên thiên nhiên, tác động của con người đối với môti trường, bảo vệ và phát triển bền vững tài nguyên thiên nhi...
Bewaard in:
| Hoofdauteur: | |
|---|---|
| Formaat: | Boek |
| Taal: | Undetermined |
| Gepubliceerd in: |
Hà Nội
Giáo dục
1999
|
| Onderwerpen: | |
| Tags: |
Voeg label toe
Geen labels, Wees de eerste die dit record labelt!
|
| Thư viện lưu trữ: | Trung tâm Học liệu Trường Đại học Cần Thơ |
|---|
| LEADER | 01133nam a2200217Ia 4500 | ||
|---|---|---|---|
| 001 | CTU_37725 | ||
| 008 | 210402s9999 xx 000 0 und d | ||
| 020 | |b 22.000đ | ||
| 082 | |a 577 | ||
| 082 | |b K305 | ||
| 100 | |a Trần, Kiên | ||
| 245 | 0 | |a Sinh thái học và môi trường : | |
| 245 | 0 | |b Giáo trình dùng cho các trường Cao đẳng sư phạm | |
| 245 | 0 | |c Trần Kiên, Hoàng Đức Nhuận, Mai Sỹ Tuấn | |
| 260 | |a Hà Nội | ||
| 260 | |b Giáo dục | ||
| 260 | |c 1999 | ||
| 520 | |a Sinh thái học cá thể, quần thể, quần xã sinh vật, hệ sinh thái. Phân thứ hai trình bày về môi trường sinh thái quyển, tài nguyên thiên nhiên, tác động của con người đối với môti trường, bảo vệ và phát triển bền vững tài nguyên thiên nhiên và môi trường, giáo dục bảo vệ môi trường. | ||
| 650 | |a Ecology,Environment | ||
| 904 | |i Nguyễn Quang Điền, 000811 | ||
| 980 | |a Trung tâm Học liệu Trường Đại học Cần Thơ | ||